「帰れま10」のランキングから店名を当てる #10(終) - Statistics

General Stats
  • This quiz has been taken 104 times
  • The average score is 5 of 10
Answer Stats
答え % Correct
ガスト
87%
{北海道}グルメ(地域名)
87%
なか卯
70%
{ニチレイ}(冷凍食品編)
69%
ミニストップ
54%
らあめん花月嵐
49%
オリジン弁当
39%
マリオンクレープ
23%
ファーストキッチン
21%
庄や
4%
No matching quizzes found
Score Distribution
Percent of People with Each Score
Percentile by Number Answered
Your Score History
You have not taken this quiz